00918cam a22002531 450000100090000000300060000900500170001500800410003203500130007303500180008604000420010408200150014610000330016124500350019426000390022930000230026833600260029133700280031733800270034549000300037250400410040250501610044365000600060410305987GBCCL20251125142430.0720817s1961 ohu b 001 0 eng  a10305987 a(OCoLC)384914 aDLCcODaWUdOCoLCdViBlbVdPPPSBdDLC a270bLIE 11 aLietzmann, Hans,d1875-1942.12aA history of the early church. aCleveland,bWorld Pub. Co.c[1961] a4 v. in 2.c21 cm. atextbtxt2rdacontent aunmediatedbn2rdamedia avolumebnc2rdacarrier0 aMeridian books ;vMG26A-B aIncludes bibliographies and indexes. aV. 1. The beginnings of the Christian church V. 2. The founding of the Church Universal V. 3. From Constantine to Julian V. 4. The era of the church fathers 0aChurch historyyPrimitive and early church, ca. 30-600.